Catálogo público

Veterinaria : reproducción y endocrinología veterinarias / (Record no. 165855)

MARC details
000 -CABECERA
campo de control de longitud fija 01149nam a2200349Ia 4500
001 - NÚMERO DE CONTROL
campo de control Z_2812
003 - IDENTIFICADOR DEL NÚMERO DE CONTROL
campo de control CHAP
008 - DATOS DE LONGITUD FIJA--INFORMACIÓN GENERAL
campo de control de longitud fija 220113s1986 xx 000 0 und d
010 ## - NÚMERO DE CONTROL DE LA BIBLIOTECA DEL CONGRESO
Número de control de LC 165855
020 ## - NÚMERO INTERNACIONAL ESTÁNDAR DEL LIBRO
Número Internacional Estándar del Libro 968-25-1243-8 (vol.1) \ 968-25-1244-1 (vol.2)
040 ## - FUENTE DE LA CATALOGACIÓN
Centro/agencia transcriptor CHAP
082 ## - NÚMERO DE LA CLASIFICACIÓN DECIMAL DEWEY
Número de clasificación 636.0824 M33 1986
100 ## - ENTRADA PRINCIPAL--NOMBRE DE PERSONA
Nombre de persona McDonald, L. E.
9 (RLIN) 138393
240 ## - TÍTULO UNIFORME
Título uniforme Veterinary endocrinology and reproduction
245 ## - MENCIÓN DE TÍTULO
Título Veterinaria : reproducción y endocrinología veterinarias /
Mención de responsabilidad, etc. L. E. McDonald; traducción Georgina Guerrero
250 ## - MENCIÓN DE EDICIÓN
Mención de edición 2a ed.
260 ## - PUBLICACIÓN, DISTRIBUCIÓN, ETC.
Lugar de publicación, distribución, etc. México :
Nombre del editor, distribuidor, etc. Interamericana,
Fecha de publicación, distribución, etc. 1986
300 ## - DESCRIPCIÓN FÍSICA
Extensión 2 v.
500 ## - NOTA GENERAL
Nota general Traducción de la obra en inglés: Veterinary endocrinology and reproduction 2a ed. en inglés
503 ## - NOTA DE HISTORIA BIBLIOGRÁFICA (BK CF MU) [OBSOLETO]
Nota de historia bibliográfica ej.1 v.1: 136481 \ ej.1 v.2: 136481
504 ## - NOTA DE BIBLIOGRAFÍA, ETC.
Nota de bibliografía, etc. Incluye bibliografía e índice
650 ## - PUNTO DE ACCESO ADICIONAL DE MATERIA--TÉRMINO DE MATERIA
Término de materia o nombre geográfico como elemento de entrada Animales domésticos
Subdivisión general
-- Reproducción
9 (RLIN) 138394
650 ## - PUNTO DE ACCESO ADICIONAL DE MATERIA--TÉRMINO DE MATERIA
Término de materia o nombre geográfico como elemento de entrada Endocrinología veterinaria
9 (RLIN) 138395
650 ## - PUNTO DE ACCESO ADICIONAL DE MATERIA--TÉRMINO DE MATERIA
Término de materia o nombre geográfico como elemento de entrada Reproduccion animal
9 (RLIN) 96028
700 ## - PUNTO DE ACCESO ADICIONAL--NOMBRE DE PERSONA
Nombre de persona Guerrero, Georgina, tr.
9 (RLIN) 139898
901 ## - ELEMENTOS DE DATOS A LOCAL LDA (RLIN)
a 636.0824 M33 1986
902 ## - ELEMENTOS DE DATOS B LOCAL, LDB (RLIN)
a M
910 ## - DATOS DE OPCIÓN DEL USUARIO (OCLC)
Datos de opción del usuario 1986
942 ## - ELEMENTOS DE PUNTO DE ACCESO ADICIONAL (KOHA)
Tipo de ítem Koha Libro_
942 ## - ELEMENTOS DE PUNTO DE ACCESO ADICIONAL (KOHA)
Tipo de ítem Koha
Holdings
Estado de retiro Estado de pérdida Fuente del sistema de clasificación o colocación Estado dañado No para préstamo Código de colección Localización permanente Ubicación/localización actual Ubicación en estantería Fecha de adquisición Enumeración/cronología de publicación seriada Código de barras Fecha visto por última vez Número de copia Precio válido a partir de Tipo de ítem Koha
    Dewey Decimal Classification     General Zootecnia Zootecnia   09/11/2005 Volumen: 1 z_0158 18/01/2022 1 18/01/2022 Libro
    Dewey Decimal Classification     General Zootecnia Zootecnia   09/11/2005 Volumen: 2 z_0159 18/01/2022 1 18/01/2022 Libro